Abrepalabras 1 : lectoescritura inicial para primer grado /
Guardado en:
| Autor Principal: | |
|---|---|
| Otros Autores: | |
| Formato: | Libro |
| Publicado: |
Buenos Aires :
Kapelusz,
1993
|
| Materias: | |
| Etiquetas: |
Agregar Etiqueta
Sin Etiquetas, Sea el primero en etiquetar este registro!
|
| LEADER | 00689nam a22002055a 4500 | ||
|---|---|---|---|
| 001 | CEM.cems012485 | ||
| 005 | 20070419155339.0 | ||
| 008 | 130507s1993##################000#0#####d | ||
| 003 | CEMS | ||
| 020 | |a 950130101X | ||
| 082 | 0 | 4 | |a 372.41 |
| 100 | 1 | |a Lorenzo, Teresa T. de | |
| 245 | 1 | 0 | |a Abrepalabras 1 : |b lectoescritura inicial para primer grado / |c Teresa T. de Lorenzo ; ana M. de Peñaloza |
| 260 | |a Buenos Aires : |b Kapelusz, |c 1993 | ||
| 300 | |a 187 p. | ||
| 653 | |a Biblioteca maría de los angeles saggio | ||
| 653 | |a Lectoescritura-1º egb | ||
| 653 | |a Lectoescritura inicial | ||
| 700 | 1 | |a Peñaloza, Ana M. de | |
| 859 | |a CEMS |b BIB. CEMS - 11 de abril |h 372.41 |i L877 |p 23763.07 |t Ej.1 |v 1º |3 1º | ||
